000 00260nam a22001097a 4500
082 _a780 MIL'O
100 _aMILLER, HUGH MITON
_957714
245 _aAN OUTLINE HISTORY OF MUSIC
260 _aNEWYORK
_bBARNES & NOBLE
_c1947
300 _a254P
942 _cBK
_2ddc
999 _c567983
_d567983